000 00620nam a22002537a 4500
003 UA-OsUOA
001 20351
007 ta
008 20031027b un ||||| |||| 00| 0 ukr d
100 _aРусаков М. Т.
700 _aЗаездный Р. А.
090 _a913(477)
_bР88
942 _cBK
040 _aUA-OsUOA
_brus
_cUA-OsUOA
_dUA-OsUOA
245 _aКиев-столица советской Украины
300 _a104 с.
955 _a0
041 _arus
080 _a913(477)
260 _aМосква
_bПедиздат
_c1960
044 _aRU
650 7 _2UDC
999 _c306528
_d306528